Guess the Animals - Statistics

General Stats
  • This quiz has been taken 67 times
  • The average score is 12 of 16
Answer Stats
Picture Answer % Correct
lion
100%
tiger
98%
frog
96%
koala
96%
kangaroo
95%
crocodile
93%
lemur
88%
anteater
82%
cobra
77%
gazelle
63%
whale shark
54%
sunfish
53%
lynx
51%
mantis shrimp
44%
wild boar
42%
springbok
32%
No matching quizzes found
Score Distribution
Percent of People with Each Score
Percentile by Number Answered
Your Score History
You have not taken this quiz